<?xml version="1.0" encoding="UTF-8"?>
<marc:record xmlns:marc="http://www.loc.gov/MARC21/slim">
   <marc:leader>00000nam a2200000 a 4500</marc:leader>
   <marc:datafield ind1="1" ind2=" " tag="100">
      <marc:subfield code="a">Blutch</marc:subfield>
      <marc:subfield code="4">aut</marc:subfield>
      <marc:subfield code="e">Verfasser/-in</marc:subfield>
   </marc:datafield>
   <marc:datafield ind1="0" ind2="0" tag="245">
      <marc:subfield code="a">Lucky LukeDie Ungezähmten</marc:subfield>
   </marc:datafield>
   <marc:datafield ind1=" " ind2="1" tag="264">
      <marc:subfield code="b">Egmont Ehapa Media GmbH</marc:subfield>
      <marc:subfield code="c">2024</marc:subfield>
   </marc:datafield>
   <marc:datafield ind1="1" ind2=" " tag="490">
      <marc:subfield code="a">Lucky Luke Hommage</marc:subfield>
   </marc:datafield>
   <marc:datafield ind1="1" ind2=" " tag="520">
      <marc:subfield code="a">Die Geschwister Rose und Casper leben alleine in einer abgelegenen Waldhütte, seitdem ihre Eltern verschwunden sind und ihr großer Bruder von Lucky Luke verhaftet wurde. Luke versucht die beiden in eine sichere Obhut zu übergeben, während er sich dem Mysterium der verschwundenen Eltern annimmt. Aber er merkt schnell, dass eine Herde Rinder leichter zu hüten ist als diese beiden Plagegeister.</marc:subfield>
   </marc:datafield>
   <marc:datafield ind1=" " ind2=" " tag="020">
      <marc:subfield code="a">9783770409020</marc:subfield>
      <marc:subfield code="9">9783770409020</marc:subfield>
   </marc:datafield>
</marc:record>
